Harry Potter - P - Statistiques

Statistiques générales
  • Ce quiz a été pris 133 fois
  • Le résultat moyen est 11 sur 14
Statistiques - réponses
Description Réponse % Correct
Cours enseigné par le professeur Rogue durant les 5 premières années de Harry Potion
99%
Maison de Poudlard dont l'emblème est le blaireau Poufsouffle
98%
Titre du 6ème Harry Potter " Harry Potter et le..." Prince de sang mêlé
98%
Il s'est coupé la main pour faire revenir Voldemort Peter petigrow
96%
Titre du 3ème Harry Potter " Harry Potter et le..." Prisonnier d'Azkaban
96%
Objet créé par Nicholas Flamel Pierre philosophale
90%
Préfet en chef durant la 3ème année de Harry Percy Weasley
85%
Harry, Ron et Hermione en ont fabriqué durant leur seconde année pour interroger Drago Malefoy Polynectar
85%
Surnom de Sirius Black Patmol
81%
Relique de la mort Pierre de résurrection
78%
Esprit frappeur Peeves
75%
Rue Dans laquelle habitent l'oncle et la tante de Harry Privet Drive
63%
Esprit protecteur Patronus
44%
La plus élevée des notes d'echecs aux examens Piètre
29%
Aucun quiz correspondant
Distribution des résultats
% des personnes avec chaque résultat
Percentile par nombre de réponses
Votre historique - résultats
Vous n’avez pas pris ce quiz